[Event "Campeonato de Aragón por Equipos 2008 "]
[Site "Aragón"]
[Date "2008.04.12"]
[Round "9.11"]
[White "Forcen Esteban Daniel"]
[Black "Ramon Perez Jose Luis"]
[Result "1/2-1/2"]
[WhiteElo "2138"]
[BlackElo "2327"]

1.e4 c5 2.Nc3 a6 3.a4 e6 4.f4 d5 5.exd5 exd5 6.Nf3 Nf6 7.Be2 Bd6 8.d4 Nc6 9.
Be3 O-O 10.dxc5 Ng4 11.Bg1 Bxf4 12.Nxd5 Bc7 13.Nxc7 Qxc7 14.Qd6 Qa5+ 15.c3 Re8
16.b4 Nxb4 17.cxb4 Qxb4+ 18.Qd2 Qe4 19.h3 Nf6 20.Bd4 Bf5 21.Kf2 Rad8 22.Rhe1
Qc6 23.Qf4 Ne4+ 24.Kg1 Bg6 25.Bd3 Nxc5 26.Bxg6 hxg6 27.Ne5 Qd5 28.Bxc5 Qxc5+
29.Kh1 Qd5 30.Nf3 f6 31.Rxe8+ Rxe8 32.Qd4 Qc6 33.Qd3 Re4 34.Nd2 Re5 35.Qc4+
Qd5 36.Rb1 Kh7 37.Qxd5 Rxd5 38.Nc4 Rd4 39.Nb6 g5 40.a5 g4 41.Kh2 gxh3 42.Kxh3
Kg6 43.Rc1 Rd3+ 44.g3 Ra3 45.Rc5 f5 46.Nc4 Rb3 47.Kg2 Kg5 48.Kf2 g6 49.Ne3 b6
50.axb6 Rxb6 51.Ra5 Rb5 52.Rxa6 f4 53.gxf4+ Kxf4 54.Ra4+ Ke5 55.Kf3 Rb1 56.Ra6
g5 57.Ng4+ Kd4 58.Ra4+ Kd5 59.Ra5+ Kd4 60.Rxg5 Rb3+ 61.Kf4 Rb1 62.Nh2 Rb4 63.
Rg8 Kd5+ 64.Kf5 Kd4 65.Rd8+ Ke3 66.Ng4+ Ke2 67.Ne5 Ra4 68.Rd3 Rb4 69.Ra3 Rb2
70.Nc6 Kf2 71.Ne5 Rb5 72.Rc3 Ke2 73.Ke4 Rb4+ 74.Nc4 Kf2 75.Kf5 Ke2 76.Nd6 Kd2
77.Rh3 Rb8 78.Ke5 Rd8 79.Rg3 Ra8 80.Kd4 Ke2 81.Re3+ Kf2 82.Ne4+ Kf1 83.Rb3 Ke2
84.Re3+ Kf1 85.Rf3+ Ke2 86.Rf2+ Ke1 87.Rb2 Kf1 88.Ke3 Ra3+ 89.Kf4 Ra4 90.Rc2
Ra8 91.Ng5 Rf8+ 92.Ke3 Re8+ 93.Ne4 Kg1 94.Ra2 Kf1 95.Rf2+ Kg1 96.Rb2 Kf1 97.
Kf3 Rf8+ 98.Kg4 Ke1 99.Ng3 Kd1 100.Nf5 Kc1 101.Rh2 Kb1 102.Kf4 Re8 103.Nd6 Rd8
104.Ne4 Ra8 105.Ke3 Ra3+ 106.Kd4 Ra4+ 107.Kd3 Ra8 108.Nc3+ Ka1 109.Rh1+ Kb2
110.Rb1+ 1/2-1/2

[Event "Campeonato de Aragón por Equipos 2008 "]
[Site "Aragón"]
[Date "2008.04.12"]
[Round "9.12"]
[White "Lana Rodriguez David"]
[Black "Antolin Concha Diego"]
[Result "1-0"]
[WhiteElo "2177"]
[BlackElo "2055"]

1.c4 Nf6 2.d4 e6 3.Nc3 d5 4.cxd5 exd5 5.Bg5 c6 6.Qc2 Be7 7.e3 g6 8.Bd3 Na6 9.
a3 Nc7 10.h4 Nh5 11.Nf3 Bxg5 12.hxg5 Ne6 13.g4 Nhg7 14.Ne5 Nxg5 15.f4 Ne4 16.
Bxe4 dxe4 17.Nxe4 h5 18.Ng5 Qd5 19.O-O-O Be6 20.e4 Qb5 21.Nxe6 Nxe6 22.gxh5
Rxh5 23.Rxh5 gxh5 24.Qh2 O-O-O 25.Nxf7 Rxd4 26.f5 Qc4+ 27.Qc2 Rxd1+ 28.Kxd1
Qf1+ 29.Kd2 Nf4 30.Qc4 Qf2+ 31.Kc1 Ne2+ 32.Kd1 Nf4 33.Nd6+ Kc7 34.Nb5+ Kb6 35.
Qd4+ Qxd4+ 36.Nxd4 Kc5 37.Nf3 Nd3 38.Ke2 Nxb2 39.e5 Nc4 40.f6 Nxe5 41.Nxe5 Kd6
42.Ke3 h4 43.Kf4 Ke6 44.Kg5 h3 45.Nf3 Kf7 46.Kf5 c5 47.Ne5+ Kf8 48.Ke6 h2 49.
Ng6+ 1-0

[Event "Campeonato de Aragón por Equipos 2008 "]
[Site "Aragón"]
[Date "2008.04.12"]
[Round "9.17"]
[White "Lopez Guaita Fernando"]
[Black "Lopez Gracia Fernando"]
[Result "0-1"]
[WhiteElo "2065"]
[BlackElo "2293"]

1.d4 Nf6 2.Nf3 e6 3.c4 Bb4+ 4.Nc3 b6 5.Bg5 Bb7 6.e3 h6 7.Bh4 Bxc3+ 8.bxc3 d6
9.Bd3 Nbd7 10.O-O g5 11.Bg3 Qe7 12.Nd2 h5 13.f3 O-O-O 14.e4 h4 15.Bf2 Nh5 16.
Re1 Nf4 17.Bf1 Rdg8 18.h3 Qf8 19.c5 f5 20.cxb6 axb6 21.Be3 Nh5 22.a4 g4 23.
fxg4 fxg4 24.hxg4 Ng3 25.g5 Qe8 26.Bd3 h3 27.Kh2 Nf5 28.exf5 hxg2+ 29.Kg3 Qe7
30.Nf3 Qh7 31.g6 Qh3+ 32.Kf2 Nf6 33.Bf4 Ng4+ 0-1

[Event "Campeonato de Aragón por Equipos 2008 "]
[Site "Aragón"]
[Date "2008.04.12"]
[Round "9.18"]
[White "Quintin Navarro Alberto"]
[Black "Rodes Apilluelo Jose Maria"]
[Result "1-0"]
[WhiteElo "1975"]
[BlackElo "2053"]

1.d4 Nf6 2.c4 e5 3.dxe5 Ng4 4.Bf4 Bb4+ 5.Nc3 Nc6 6.Nf3 Qe7 7.e3 Bxc3+ 8.bxc3
Ngxe5 9.Be2 d6 10.Nd4 O-O 11.Rb1 b6 12.Bf3 Nxf3+ 13.Qxf3 Nxd4 14.cxd4 Ba6 15.
Rc1 Rab8 16.O-O Bb7 17.Qg3 Rbc8 18.Rc3 Kh8 19.Rfc1 f6 20.h4 Rfd8 21.Ra3 a5 22.
Rac3 Be4 23.f3 Bg6 24.Kh2 Rd7 25.Rb3 Bf7 26.Rb5 Rg8 27.e4 Rb8 28.a4 Ra8 29.c5
Ra6 30.cxd6 cxd6 31.Rc8+ Bg8 32.d5 g6 33.Rc6 Qd8 34.Bxd6 Ra8 35.Rcxb6 Qe8 36.
Rb8 Rxb8 37.Rxb8 Qf7 38.Rf8 Qg7 39.Rxf6 Bf7 40.Be5 Kg8 41.Rb6 Qf8 42.Bd6 Qe8
43.Rb8 Rd8 44.Rxd8 Qxd8 45.Bc7 Qd7 46.Bxa5 Qxa4 47.Bc3 Qe8 48.Qd6 h6 49.Bf6
Kh7 50.e5 Qa8 51.e6 g5 52.exf7 Qa4 53.f8=N+ 1-0

[Event "Campeonato de Aragón por Equipos 2008 "]
[Site "Aragón"]
[Date "2008.04.12"]
[Round "9.19"]
[White "Bayod Rubia Angel"]
[Black "Arregui Unotria Carlos"]
[Result "1-0"]
[WhiteElo "2042"]
[BlackElo "1925"]

1.e4 c5 2.Nf3 d6 3.d4 Nf6 4.Nc3 cxd4 5.Nxd4 a6 6.Be2 e5 7.Nb3 Be7 8.O-O O-O 9.
Be3 Nbd7 10.Bf3 b6 11.Qe2 Bb7 12.Rfd1 Rc8 13.Bg5 b5 14.a3 Nb6 15.Bxf6 Bxf6 16.
Rab1 Qc7 17.Bg4 Rcd8 18.Nd5 Nxd5 19.exd5 Bg5 20.Bf5 g6 21.Bh3 f5 22.Rd3 Rc8
23.c3 Qf7 24.Rbd1 Ba8 25.g3 Rfe8 26.Bg2 e4 27.Rd4 Re5 28.h4 Bh6 29.Na5 Bxd5
30.c4 bxc4 31.Bf1 Bf8 32.Nxc4 Bxc4 33.Rxc4 Rb8 34.b4 a5 35.bxa5 Rxa5 36.a4 d5
37.Rcd4 Bg7 38.Qd2 Rba8 39.Rxd5 Rxa4 40.Rd7 Qe6 41.Rd6 Qf7 42.Qc2 Bf6 43.Rd7
Qe6 44.R1d6 Qe5 45.Qb3+ Kh8 46.Qf7 Bg7 47.Rd8+ 1-0

[Event "Campeonato de Aragón por Equipos 2008 "]
[Site "Aragón"]
[Date "2008.04.12"]
[Round "9.20"]
[White "Lahoz Andres"]
[Black "Bailo Remacha Santiago"]
[Result "0-1"]
[WhiteElo "1622"]
[BlackElo "2017"]

1.e4 b6 2.d4 Bb7 3.Nc3 g6 4.Nf3 Bg7 5.Be3 Nf6 6.Bd3 O-O 7.Qd2 d5 8.e5 Ne4 9.
Qc1 c5 10.Bh6 cxd4 11.Bxg7 Kxg7 12.Nxd4 Nxc3 13.bxc3 Qc7 14.O-O Qxe5 15.Re1
Qf6 16.Nb5 Na6 17.Re3 Nc5 18.Rh3 h5 19.Rf3 Qc6 20.Nd4 Nxd3 21.Nxc6 Nxc1 22.
Nxe7 Ne2+ 23.Kf1 Ba6 24.Ke1 Rae8 25.Re3 Bc4 26.Rd1 Nf4 27.Kd2 Nxg2 28.Kc1 Nxe3
29.fxe3 Rxe7 30.Re1 Rfe8 31.Kd2 f5 32.h4 f4 33.Kc1 Rxe3 34.Rg1 Re1+ 35.Rxe1
Rxe1+ 36.Kd2 Re2+ 37.Kd1 f3 38.Kc1 f2 39.Kb2 f1=Q 40.a4 Qd1 41.Ka3 Qa1+ 42.Kb4
a5# 0-1

[Event "Campeonato de Aragón por Equipos 2008 "]
[Site "Aragón"]
[Date "2008.04.12"]
[Round "9.21"]
[White "Cantin Zaborras Valentin"]
[Black "Cebrian Valverde Jose Antonio"]
[Result "1/2-1/2"]
[WhiteElo "2141"]
[BlackElo "2206"]

1.e4 e6 2.d4 d5 3.Nd2 Nc6 4.Ngf3 Nf6 5.e5 Nd7 6.c3 f6 7.exf6 Qxf6 8.Be2 Bd6 9.
Nf1 O-O 10.Be3 b6 11.Ng3 Bb7 12.O-O e5 1/2-1/2

[Event "Campeonato de Aragón por Equipos 2008 "]
[Site "Aragón"]
[Date "2008.04.12"]
[Round "9.22"]
[White "Gimeno Oteo Marco Antonio"]
[Black "Valiente Roy Jose Javier"]
[Result "1-0"]
[WhiteElo "2162"]
[BlackElo "2109"]

1.e4 c6 2.d4 d5 3.f3 e6 4.Nc3 b5 5.Be3 b4 6.Nce2 Ba6 7.Nh3 Nf6 8.Nf2 Be7 9.Qd2
O-O 10.Ng3 Bxf1 11.Rxf1 Qb6 12.e5 Nfd7 13.Nh5 c5 14.Bh6 g6 15.Bxf8 Bxf8 16.Qg5
h6 17.Qg3 Nc6 18.O-O-O Nxd4 19.Rxd4 cxd4 20.Nd3 a5 21.f4 a4 22.f5 exf5 23.Rxf5
b3 24.Kb1 bxc2+ 25.Kxc2 Rc8+ 26.Kb1 Qc6 27.Rf2 a3 28.b3 Kh8 29.Nf6 Nxf6 30.
exf6 h5 31.Qf4 Kh7 32.Qd2 Bh6 33.Qd1 Qa6 34.Rc2 Rxc2 35.Kxc2 Qxf6 36.b4 Qc6+
37.Nc5 Be3 38.Kb3 Qa8 39.Qf1 f5 40.Qb5 Bc1 41.Qd7+ Kh6 42.b5 Qa5 43.Ne6 Qc3+
44.Ka4 d3 45.Qd8 h4 46.Qxh4# 1-0

[Event "Campeonato de Aragón por Equipos 2008 "]
[Site "Aragón"]
[Date "2008.04.12"]
[Round "9.23"]
[White "Moreno Latorre Francisco Jose"]
[Black "Gutierrez Minguenza Ruben"]
[Result "0-1"]
[WhiteElo "1939"]
[BlackElo "2092"]

1.d4 Nf6 2.c4 e6 3.Nc3 d5 4.Nf3 Be7 5.Bg5 O-O 6.e3 h6 7.Bh4 b6 8.cxd5 Nxd5 9.
Bxe7 Qxe7 10.e4 Nxc3 11.bxc3 Bb7 12.Bd3 c5 13.O-O cxd4 14.cxd4 Rd8 15.Qa4 Nc6
16.Rad1 Qb4 17.Bb5 Qxa4 18.Bxa4 Nb4 19.a3 Na2 20.Bb3 Nc3 21.Rd3 Nxe4 22.Rfd1
Rac8 23.Ne5 Nc3 24.Re1 Be4 25.Rd2 Bd5 26.Bc2 Nb5 27.a4 Nxd4 0-1

[Event "Campeonato de Aragón por Equipos 2008 "]
[Site "Aragón"]
[Date "2008.04.12"]
[Round "9.24"]
[White "Palomar Ramon Santiago"]
[Black "Navarro Castan Jesus"]
[Result "1-0"]
[WhiteElo "2010"]
[BlackElo "1888"]

1.e4 c5 2.Nc3 e6 3.Nf3 a6 4.d4 cxd4 5.Nxd4 Qc7 6.g3 Nf6 7.Bg2 Nc6 8.Be3 d6 9.
O-O Be7 10.Nxc6 bxc6 11.f4 O-O 12.g4 Nd7 13.g5 f5 14.exf5 exf5 15.Nd5 Qd8 16.
Re1 Re8 17.Nxe7+ Qxe7 18.Bxc6 Rb8 19.Qd5+ Kf8 20.Ba7 Qxe1+ 21.Rxe1 Rxe1+ 1-0

[Event "Campeonato de Aragón por Equipos 2008 "]
[Site "Aragón"]
[Date "2008.04.12"]
[Round "9.25"]
[White "Guetas Sanchez Hugo"]
[Black "Villuendas Valero Adrian"]
[Result "1/2-1/2"]
[WhiteElo "2159"]
[BlackElo "2239"]

1.e4 c5 2.Nc3 Nc6 3.g3 e6 4.Bg2 g6 5.d3 Bg7 6.Be3 Nd4 7.Qd2 Ne7 8.Nce2 O-O 9.
c3 Nxe2 10.Nxe2 b6 11.Bh6 Bb7 12.h4 Nf5 13.Bxg7 Nxg7 14.Rh2 f5 15.Nf4 e5 16.
Nd5 Bxd5 17.exd5 Qf6 18.O-O-O Rae8 19.Re1 Re7 20.Qh6 Ne8 21.Bh3 Nd6 22.h5 Nf7
23.Qd2 Rfe8 24.hxg6 hxg6 25.Bg2 Qg5 26.Qxg5 Nxg5 27.d6 Rh7 28.Rxh7 Kxh7 29.Bd5
Kg7 30.f4 Nf7 31.Bxf7 Kxf7 32.Rxe5 Re6 33.d4 cxd4 34.cxd4 Rxd6 35.d5 b5 36.Kc2
Ra6 37.Kb3 Kf6 38.Kb4 Rxa2 39.Re2 Ra6 40.Kxb5 Rb6+ 41.Kc4 a5 42.Kc5 Rb7 43.Kd6
a4 44.Rc2 1/2-1/2

[Event "Campeonato de Aragón por Equipos 2008 "]
[Site "Aragón"]
[Date "2008.04.12"]
[Round "9.26"]
[White "Gimenez Martinez Alberto"]
[Black "Escuer Sanchez Nestor"]
[Result "1/2-1/2"]
[WhiteElo "2097"]
[BlackElo "2084"]

1.e4 e6 2.d4 d5 3.e5 c5 4.c3 Nc6 5.Nf3 Bd7 6.Be2 f6 7.exf6 Nxf6 8.O-O Bd6 9.
dxc5 Bxc5 10.Bf4 O-O 11.Nbd2 a5 12.Nb3 Ba7 13.Bd3 Qe7 14.Qe2 Rae8 15.Rae1 Bb8
16.Bxb8 Rxb8 17.Ne5 a4 18.Nd2 Rbe8 19.f4 a3 20.Ndf3 axb2 21.Qxb2 Bc8 22.Kh1
Qc5 23.Bb1 Na5 24.Qc2 Qc7 25.Ng5 g6 26.Rf3 Re7 27.Rh3 Rg7 28.Rh6 Nc4 29.h3 Na3
30.Qd3 Nxb1 31.Rxb1 Ne4 32.Nxe4 dxe4 33.Qxe4 Qxc3 34.Rb3 Qc1+ 35.Kh2 Qxf4+ 36.
Qxf4 Rxf4 37.Kg3 Ra4 38.a3 Rc7 39.Rh4 Rxh4 40.Kxh4 Kg7 41.g4 Rc5 42.Nd3 Rc7
43.Nf4 h6 44.Kg3 Bd7 45.Rb6 Kf7 46.Rb3 Bc6 47.Rc3 Re7 1/2-1/2

[Event "Campeonato de Aragón por Equipos 2008 "]
[Site "Aragón"]
[Date "2008.04.12"]
[Round "9.27"]
[White "Andreu Sin Raul"]
[Black "Cebollada Pacheco Jesus Raul"]
[Result "1/2-1/2"]
[WhiteElo "2045"]
[BlackElo "2002"]

1.d4 Nf6 2.Nf3 g6 3.Nbd2 Bg7 4.e4 d6 5.c3 O-O 6.Bd3 Nbd7 7.O-O c6 8.a4 a5 9.
Re1 e5 10.b3 Re8 11.Ba3 Qc7 12.Nc4 Bf8 13.Qc2 b5 14.Ne3 Ba6 15.Nd2 Rec8 16.Be2
bxa4 17.bxa4 d5 18.Bxa6 Rxa6 19.Bxf8 Rxf8 20.dxe5 Nxe5 21.h3 Ned7 22.Nef1 Rb6
23.Qd1 Rfb8 24.Qf3 Qd6 25.Rad1 Nh5 26.Nc4 Qc5 27.Nxb6 Nxb6 28.Qe3 Qxe3 29.Rxe3
dxe4 30.Rxe4 Nf6 31.Red4 Nfd5 32.c4 Nc3 33.Rd8+ Rxd8 34.Rxd8+ Kg7 35.Rd6 Nbxa4
36.Rxc6 Nb2 37.Nd2 a4 38.Ra6 Nd3 39.Ra5 Nc1 40.f3 Nb3 41.Rxa4 Nxd2 42.Ra7 Nxc4
43.Rc7 h5 44.Rxc4 Nd5 45.Kf2 Ne7 46.g4 hxg4 47.fxg4 g5 1/2-1/2

[Event "Campeonato de Aragón por Equipos 2008 "]
[Site "Aragón"]
[Date "2008.04.12"]
[Round "9.29"]
[White "Ramiro Ovejero Juan Luis"]
[Black "Martinez Catalin Francisco Javier"]
[Result "0-1"]
[WhiteElo "2330"]
[BlackElo "2247"]

1.e4 d6 2.d4 Nf6 3.Nc3 g6 4.g3 Bg7 5.Bg2 O-O 6.Nge2 e5 7.h3 Nc6 8.Be3 exd4 9.
Nxd4 Bd7 10.Nde2 b5 11.O-O b4 12.Nd5 Nxd5 13.exd5 Ne5 14.Bd4 Bb5 15.Re1 a5 16.
a3 b3 17.cxb3 Nd3 18.Rf1 Re8 19.Bxg7 Kxg7 20.Nc3 Ba6 21.Qc2 Rb8 22.Ne4 f5 23.
Qc3+ Ne5 24.f4 Bxf1 25.fxe5 dxe5 26.Rxf1 fxe4 27.Bxe4 Qd6 28.h4 Rb5 29.Rc1 Re7
30.Qe3 Qb6 31.Rc3 Rf7 32.Kg2 Qxe3 33.Rxe3 Rc5 34.Rc3 Rxc3 35.bxc3 Kf6 36.c4
Ke7 37.c5 Rf8 38.Bd3 Rb8 39.Bc4 e4 40.Kf2 Kf6 41.d6 cxd6 42.cxd6 Rd8 43.Ke3
Ke5 44.b4 axb4 45.axb4 Rxd6 46.g4 h6 47.Bf1 Rd4 48.Be2 Rxb4 49.Kf2 Kf4 50.Bf1
Rb2+ 51.Be2 g5 0-1

[Event "Campeonato de Aragón por Equipos 2008 "]
[Site "Aragón"]
[Date "2008.04.12"]
[Round "9.30"]
[White "Pellicer Cemeli Jose Luis"]
[Black "Gil Capape MA"]
[Result "0-1"]
[WhiteElo "2073"]
[BlackElo "2185"]

1.c4 e5 2.g3 Nf6 3.Nc3 Bc5 4.Bg2 c6 5.e3 O-O 6.Nge2 d5 7.cxd5 cxd5 8.d4 exd4
9.Nxd4 Bxd4 10.exd4 Bg4 11.Qd3 Re8+ 12.Be3 Nc6 13.O-O Qd7 14.Rfe1 Nb4 15.Qd2
Bf5 16.Rac1 Nd3 17.Bg5 Rxe1+ 18.Rxe1 Nxe1 19.Bxf6 Nxg2 20.Qg5 Bg6 21.Nxd5 Ne1
0-1

[Event "Campeonato de Aragón por Equipos 2008 "]
[Site "Aragón"]
[Date "2008.04.12"]
[Round "9.31"]
[White "Alonso Fernandez Revuelta Rodri"]
[Black "Puertolas Serena Arturo"]
[Result "1/2-1/2"]
[WhiteElo "2138"]
[BlackElo "1916"]

1.e4 e6 2.d3 d5 3.Nd2 Nf6 4.Ngf3 c5 5.g3 Nc6 6.Bg2 dxe4 7.dxe4 e5 8.O-O Be7 9.
c3 O-O 10.Qe2 Qc7 11.Re1 h6 12.Nf1 Be6 13.Nh4 Rfd8 14.Ne3 Bf8 15.h3 g6 16.Ng4
Nxg4 17.hxg4 Qd7 18.g5 h5 19.Be3 Qd3 20.Qxd3 Rxd3 21.Bf1 Rdd8 22.b3 a6 23.Red1
Kg7 24.Be2 Rxd1+ 25.Rxd1 Rd8 26.Kg2 Rxd1 27.Bxd1 b5 1/2-1/2

[Event "Campeonato de Aragón por Equipos 2008 "]
[Site "Aragón"]
[Date "2008.04.12"]
[Round "9.32"]
[White "Fuentes Espuna Juan Antonio"]
[Black "Galvez Perez Jose Luis"]
[Result "1-0"]
[WhiteElo "1867"]
[BlackElo "2120"]

1.d4 d6 2.c4 e5 3.d5 g6 4.Nc3 Nd7 5.h4 h6 6.Nf3 Bg7 7.Qc2 a5 8.Bd2 Nc5 9.g3 e4
10.Nh2 f5 11.O-O-O Qe7 12.Bg2 Nf6 13.Be3 b6 14.Rhe1 Ba6 15.b3 Nfd7 16.Bh3 O-O
17.f4 exf3 18.exf3 Rae8 19.Qd2 Qf6 20.Bd4 Ne5 21.Kc2 f4 22.Qf2 fxg3 23.Qxg3
Qf4 24.Bxe5 Rxe5 25.Qxf4 Rxf4 26.Be6+ Kh7 27.Rg1 Re3 28.Ne4 Nxe4 29.fxe4 Rc3+
30.Kb1 a4 31.h5 g5 32.Bf5+ Kg8 33.Rc1 axb3 34.Rxc3 bxa2+ 35.Kxa2 Bxc3 36.Kb3
Bd4 37.Rg2 Kg7 38.Ra2 1-0

[Event "Campeonato de Aragón por Equipos 2008 "]
[Site "Aragón"]
[Date "2008.04.12"]
[Round "9.33"]
[White "Portero Garnica Miguel Angel"]
[Black "Malo Guillen Jose Luis"]
[Result "1/2-1/2"]
[WhiteElo "2181"]
[BlackElo "2198"]

1.e4 d6 2.d4 Nf6 3.Nc3 g6 4.Bg5 Bg7 5.f4 h6 6.Bxf6 Bxf6 7.e5 dxe5 8.dxe5 Bg7
9.Qxd8+ Kxd8 10.O-O-O+ Bd7 11.g3 c6 12.Bc4 Ke8 13.Nf3 b5 14.Bb3 Bg4 15.Rd3 Na6
16.h3 Bxf3 17.Rxf3 Rd8 18.Rd1 Rxd1+ 19.Nxd1 1/2-1/2

[Event "Campeonato de Aragón por Equipos 2008 "]
[Site "Aragón"]
[Date "2008.04.12"]
[Round "9.34"]
[White "Alonso Blasco Jose Miguel"]
[Black "Jario Garcia Ricardo Javier"]
[Result "1/2-1/2"]
[WhiteElo "2075"]
[BlackElo "2150"]

1.e4 e6 2.d4 d5 3.Nd2 dxe4 4.Nxe4 Nd7 5.Nf3 Ngf6 6.Nxf6+ Nxf6 7.Bd3 b6 8.Bb5+
Bd7 9.Qe2 Bxb5 10.Qxb5+ Qd7 11.Qxd7+ Nxd7 12.Bf4 Bd6 13.Bxd6 cxd6 1/2-1/2

[Event "Campeonato de Aragón por Equipos 2008 "]
[Site "Aragón"]
[Date "2008.04.12"]
[Round "9.35"]
[White "Fabre Perez Jose Maria"]
[Black "Mombiela de Sus Jose Luis"]
[Result "1/2-1/2"]
[WhiteElo "2081"]
[BlackElo "2068"]

1.e4 e5 2.Nf3 d6 3.d4 exd4 4.Nxd4 Nf6 5.Nc3 Be7 6.Be2 O-O 7.O-O Nc6 8.Be3 Re8
9.f3 Bf8 10.Nxc6 bxc6 11.Bg5 h6 12.Bh4 g5 13.Bf2 Bg7 14.Bc4 Be6 15.Bxe6 fxe6
1/2-1/2

[Event "Campeonato de Aragón por Equipos 2008 "]
[Site "Aragón"]
[Date "2008.04.12"]
[Round "9.36"]
[White "Artal Alegria Francisco Javier"]
[Black "Ruiperez Ramon"]
[Result "1/2-1/2"]
[WhiteElo "1943"]
[BlackElo "1770"]

1.d4 d5 2.Nf3 c6 3.e3 e6 4.Bd3 f5 5.Ne5 Nf6 6.h3 Bd6 7.f4 O-O 8.Qf3 Ne4 9.g3
Bxe5 10.fxe5 Qg5 11.Rg1 b6 12.Nd2 Ba6 13.Bxa6 Nxa6 14.c3 Nxd2 15.Bxd2 Qe7
1/2-1/2

[Event "Campeonato de Aragón por Equipos 2008 "]
[Site "Aragón"]
[Date "2008.04.12"]
[Round "9.37"]
[White "Juberias Santiago"]
[Black "Lasanta Rica Cesar"]
[Result "1/2-1/2"]
[WhiteElo "2145"]
[BlackElo "2284"]

1.e4 e5 2.Nf3 d6 3.d4 exd4 4.Nxd4 Nf6 5.Nc3 a6 6.Be2 c6 7.O-O Qc7 8.Be3 b5 9.
a3 Bb7 10.f3 Nbd7 11.Qe1 Be7 12.Qf2 O-O 1/2-1/2

[Event "Campeonato de Aragón por Equipos 2008 "]
[Site "Aragón"]
[Date "2008.04.12"]
[Round "9.40"]
[White "Garcia Monterde Francisco Jose"]
[Black "Lafarga Bueno Daniel"]
[Result "1/2-1/2"]
[WhiteElo "1931"]
[BlackElo "1816"]

1.c4 Nf6 2.g3 e6 3.Bg2 d5 4.Nf3 c6 5.b3 Be7 6.Bb2 O-O 7.Qc2 Nbd7 8.d3 Qc7 9.
O-O b6 10.e4 dxe4 11.dxe4 e5 12.Nbd2 Re8 13.Rfd1 Bd6 1/2-1/2

[Event "Campeonato de Aragón por Equipos 2008 "]
[Site "Aragón"]
[Date "2008.04.12"]
[Round "9.43"]
[White "Sarto Ramos Angel"]
[Black "Fernandez Urrutia Gallo Carlos"]
[Result "1/2-1/2"]
[WhiteElo "2058"]
[BlackElo "2023"]

1.d4 d5 2.Bf4 Nf6 3.e3 e6 4.Bd3 c6 5.Nf3 Bd6 6.Bxd6 Qxd6 7.O-O Nbd7 8.Nbd2 O-O
9.e4 dxe4 10.Nxe4 Nxe4 11.Bxe4 Nf6 1/2-1/2

[Event "Campeonato de Aragón por Equipos 2008 "]
[Site "Aragón"]
[Date "2008.04.12"]
[Round "9.45"]
[White "Laliena Solares Luis"]
[Black "Horton Justin"]
[Result "1-0"]
[WhiteElo "2201"]
[BlackElo "2147"]

1.d4 {299MB, Eco2008.ctg, ASUS X51R
} 1...d5 2.c4 c6 3.Nf3 Nf6 4.Nc3 dxc4 5.a4 Bf5 6.e3 e6 7.a5 Bb4 8.Qa4 Qe7 9.
Bxc4 O-O 10.O-O Nbd7 11.Be2 Bg6 12.a6 b5 13.Qb3 Rab8 14.Bd2 Bd6 15.Na2 Ne4 16.
Rfd1 Rfc8 17.Bb4 c5 18.dxc5 Ndxc5 19.Qa3 Rc6 20.Bxc5 Nxc5 21.Nb4 Rcb6 22.Nd4
Ne4 23.Ndc6 Rxc6 24.Nxc6 Bxa3 25.Nxe7+ Bxe7 26.Rd7 Bc5 27.Rc1 h6 28.Rb7 Rc8
29.b4 Nxf2 30.Rxc5 Rd8 31.Kxf2 Rd2 32.Ke1 1-0

[Event "Campeonato de Aragón por Equipos 2008 "]
[Site "Aragón"]
[Date "2008.04.12"]
[Round "9.46"]
[White "Abos Rosico Antonio"]
[Black "Cobo Garrido Diego Israel"]
[Result "0-1"]
[WhiteElo "2049"]
[BlackElo "2074"]

1.e4 c5 2.Nf3 Nc6 3.d4 cxd4 4.Nxd4 Nf6 5.Nc3 e5 6.Ndb5 d6 7.a4 a6 8.Na3 h6 9.
Bc4 Be7 10.O-O O-O 11.b3 Be6 12.Bb2 Nxe4 13.Nxe4 d5 14.Bd3 dxe4 15.Bxe4 Rc8
16.Qh5 f5 17.Rad1 Qe8 18.Qxe8 Rfxe8 19.Bd5 Kf7 20.Nc4 Bxd5 21.Rxd5 Ke6 22.Rfd1
Red8 23.Rxd8 Rxd8 24.Rxd8 Bxd8 25.Kf1 g6 26.c3 Ne7 27.Ke2 Nd5 28.Ne3 Nf4+ 29.
Kd2 Bb6 30.g3 Nh3 31.Ke2 Ng1+ 32.Kf1 Nf3 33.Nc4 Bc7 34.Kg2 Ne1+ 35.Kf1 Nd3 36.
Ke2 Nc5 37.Nd2 e4 38.Ba3 Nd3 39.f3 Kd5 40.fxe4+ fxe4 41.Nc4 h5 42.Ne3+ Ke6 43.
Ng2 Bb6 44.Ne3 Ne5 45.Ng2 Bg1 46.Nf4+ Kf5 47.Kf1 Bxh2 48.Kg2 Bxg3 49.Nxh5 gxh5
50.Kxg3 e3 51.Bc5 Ke4 52.c4 Nd3 53.Bb6 e2 54.Ba5 e1=Q+ 55.Bxe1 Nxe1 0-1

[Event "Campeonato de Aragón por Equipos 2008 "]
[Site "Aragón"]
[Date "2008.04.12"]
[Round "9.47"]
[White "Gayan Miguel Angel"]
[Black "Gonzalez Gambau Jorge"]
[Result "1/2-1/2"]
[WhiteElo "1910"]
[BlackElo "2039"]

1.d4 d5 2.Nf3 Nf6 3.c4 c6 4.cxd5 cxd5 5.Nc3 Nc6 6.a3 e6 7.Bg5 Be7 8.e3 O-O 9.
Bd3 b6 10.O-O Bb7 11.Rc1 Rc8 12.Qe2 Ne4 13.Bxe7 Nxe7 14.Bxe4 dxe4 15.Ng5 Bd5
16.Qh5 h6 17.Ngxe4 Bc4 18.Rfe1 Qd7 19.Nd2 Bd3 20.Nf3 Ng6 21.Ne5 Nxe5 22.Qxe5
Rfd8 23.Red1 Bc4 24.h3 Bb3 25.Re1 Bc4 26.Ne4 Bd5 27.Nc3 Bc4 28.Ne4 Bd5 29.Ng3
f6 30.Qf4 Qb5 31.Rxc8 Rxc8 32.Qd6 Qxb2 33.Qe7 Qc3 34.Nh5 Qc7 35.Qb4 Qc3 36.Qe7
Qc7 37.Qb4 Qc3 38.Qe7 Qc7 1/2-1/2

[Event "Campeonato de Aragón por Equipos 2008 "]
[Site "Aragón"]
[Date "2008.04.12"]
[Round "9.48"]
[White "Perez Puyal Jose J"]
[Black "Gimeno Diaz Fernando"]
[Result "1-0"]
[WhiteElo "1888"]
[BlackElo "1909"]

1.e4 c5 2.Nc3 Nc6 3.d3 g6 4.g3 Bg7 5.Bg2 e6 6.Be3 d6 7.Qd2 Nd4 8.Nd1 Ne7 9.c3
Ndc6 10.Bh6 Bf6 11.Ne2 d5 12.f3 Ne5 13.Nf2 Ng8 14.Be3 dxe4 15.fxe4 b6 16.b3
Bb7 17.Rd1 Qe7 18.O-O O-O-O 19.Qc2 h5 20.h3 h4 21.g4 Bg5 22.Qc1 Bxe3 23.Qxe3
f5 24.d4 Nc6 25.Rfe1 Nf6 26.Nf4 Qf7 (26...fxg4 27.Nxg6 Qg7 28.Nxh8 Rxh8 29.b4
gxh3 30.Qxh3 cxd4 31.cxd4 Kb8 32.Qxe6 Rg8 33.Qh3 Nh5) 27.dxc5 bxc5 $2 {Pensé en fxg4 pero no tenía claro que hacer, parece que hubiera sido mejor creando algo de contrajuego.}
(27...fxg4 28.cxb6 g3 29.N2d3 g5) 28.exf5 exf5 29.Qxc5 Rxd1 30.Rxd1 Ne4 31.
Nxe4 fxe4 32.Ne2 Re8 33.Nd4 Re5 34.Qa3 Ra5 35.Qd6 Rxa2 36.Rf1 Qc7 37.Rf8+ Nd8
38.Nb5 Qb6+ 39.Qxb6 axb6 40.Nd6+ Kc7 41.Nxb7 Nxb7 42.Rf7+ Kb8 43.Bxe4 Nc5 44.
Bd5 Rc2 45.Rf6 Kc7 46.Rxg6 Rxc3 47.Rc6+ Kd7 48.Rxb6 Rxh3 49.b4 Rg3+ 50.Kh2 Nd3
51.b5 Nf4 $2 (51...Ne5 $1 52.Be6+ (52.g5 Ng4+ 53.Kh1 Nf2+ 54.Kh2 Ng4+ {Esto sería tablas por contínuo.})
(52.Kh1 Rh3+ 53.Kg1) (52.Rb7+ Kd6 53.Bg2 Nxg4+ 54.Kh1 Rb3 55.Bf1 Ne3 56.Be2
Nf5 57.Bf1 Kc5) 52...Kc7 53.Ra6 Nf3+ 54.Kh1 Rg1#) 52.Be4 Ra3 53.Ra6 Rh3+ 54.
Kg1 Re3 55.Bf5+ Ke7 56.Rh6 h3 57.Kf2 Rb3 58.b6 Nd5 59.b7 Nf6 (59...h2 60.Kg2
Rb2+ 61.Kh1 Nc7 62.Rh7+ Kd6 63.Rd7+ Kc6 64.Rd2 Rb4 65.Be4+ Kc5 66.Kxh2 Na6 67.
Bf3 Rf4 68.Kg3 Rf8 69.g5) 60.g5 Ne8 61.Bxh3 Rb2+ 62.Kg3 Nd6 63.Rh7+ Kd8 64.
Rd7+ Ke8 65.Rxd6 Rxb7 66.g6 Rg7 67.Re6+ Kf8 68.Bf5 Rc7 69.Kf4 Kg7 70.Kg5 Rc5
71.Rd6 Rc1 72.Rd7+ Kh8 73.g7+ Kg8 74.Be6+ 1-0

[Event "Campeonato de Aragón por Equipos 2008 "]
[Site "Aragón"]
[Date "2008.04.12"]
[Round "9.49"]
[White "Gavin Roche Enrique"]
[Black "Lafarga Santorroman David"]
[Result "1/2-1/2"]
[WhiteElo "2278"]
[BlackElo "2278"]

1.d4 e6 2.c4 b6 3.Nc3 Bb7 4.Nf3 Bb4 5.Bd2 Nf6 6.a3 Bxc3 7.Bxc3 Ne4 8.Rc1 O-O
9.g3 d6 10.Bg2 Nxc3 11.Rxc3 Nd7 12.O-O Qe7 13.Qc2 c5 14.Rd1 Nf6 15.Ng5 Bxg2
16.Kxg2 h6 17.Ne4 Rfd8 18.Nxf6+ 1/2-1/2

[Event "Campeonato de Aragón por Equipos 2008 "]
[Site "Aragón"]
[Date "2008.04.12"]
[Round "9.50"]
[White "Valles Mata David"]
[Black "Van Ojik M"]
[Result "1/2-1/2"]
[WhiteElo "2107"]
[BlackElo "2179"]

1.e4 e5 2.Nf3 Nc6 3.Bb5 a6 4.Bxc6 dxc6 5.O-O Qd6 6.Na3 Be6 7.c3 f6 8.Qe2 Ne7
9.Rd1 Ng6 10.d4 O-O-O 11.Be3 Qe7 12.Nc2 Nf4 13.Bxf4 exf4 14.Nb4 g5 15.Nxc6
bxc6 16.Qxa6+ Kb8 17.d5 Bc8 18.Qxc6 Bb7 19.Qa4 Qe8 20.Qc4 Kc8 21.a4 g4 22.Nh4
g3 23.fxg3 fxg3 24.h3 Bc5+ 25.Qxc5 Qxe4 26.d6 Rd7 27.Nf3 Rhd8 28.Re1 Qc2 29.
Rac1 Qxa4 30.dxc7 Rxc7 31.Qf5+ Kb8 32.Qxf6 Rg8 33.Rcd1 Qa7+ 34.Qd4 Qa2 35.Qd6
Qf7 36.Qe6 Qf8 37.Qd6 Qf7 38.Qe6 Qf8 1/2-1/2

[Event "Campeonato de Aragón por Equipos 2008 "]
[Site "Aragón"]
[Date "2008.04.12"]
[Round "9.51"]
[White "Sanz Barrionuevo A"]
[Black "Cuello Borau Jorge"]
[Result "0-1"]
[WhiteElo "2015"]
[BlackElo "1839"]

1.d4 d5 2.c4 dxc4 3.Nf3 Nf6 4.e3 e6 5.Bxc4 c5 6.Nc3 a6 7.O-O b5 8.Bd3 c4 9.Be2
Bb7 10.a3 Bd6 11.b3 cxb3 12.Qxb3 Nc6 13.Rd1 Na5 14.Qb2 Rc8 15.Bd2 Nc4 16.Bxc4
Rxc4 17.Nxb5 Bxf3 18.Nxd6+ Qxd6 19.gxf3 Qc7 20.Bb4 Nd7 21.Rdc1 a5 22.Bxa5 Qc6
23.Rxc4 Qxc4 24.Rc1 Qa6 25.Qb4 h5 26.Rc7 Rh6 27.Qe1 Rg6+ 28.Kh1 Qa8 29.e4 f5
30.Qc1 Qxa5 31.d5 exd5 32.Rc8+ Kf7 33.exf5 Rd6 34.Qe3 Nf6 35.Qg5 Rd8 36.Rc6
Qxa3 37.Rc7+ Rd7 38.Qg6+ Kg8 39.Rc8+ Qf8 40.Rxf8+ Kxf8 41.Kg1 d4 42.Qg3 d3 43.
Qb8+ Kf7 44.Qb3+ Ke8 45.Qd1 d2 46.h3 Kf8 47.Kh2 h4 48.Kh1 Ne8 49.Kh2 Nc7 50.
Kg1 Nb5 51.Kg2 Nc3 52.Qc2 d1=Q 53.Qxc3 Qd4 54.Qa3+ Kg8 55.Qb3+ Kh8 56.Qb8+ Rd8
57.Qc7 Qf6 58.Qc5 Qg5+ 0-1